01009naa a22003251a 450000100060000000300100000600500170001600700030003300800410003602000150007704000220009208200220011408400090013611000130014513000260015824500690018425000120025330000240026533600270028933700330031633800280034965000300037765000360040765100260044370000410046994200120051096700080052299900170053095201360054760267CO-BoRNBP20260120134540.0ta990808s1996 ck a 000 spa c a958300054X aCO-BoUNCbspac00 a342.9861bC718ctt a0000 aColombia a[Constitucion]9681651 aConstitucion politica de Colombia /cprol. Carlos Lemos Simmonds a8a. ed. axxxvi, 276 p. : il. 2rdacontentatextobtxt 2rdamediaasin mediaciónbn 2rdacarrieravolumenbnc1 aConstitucion2LEMB9100851 aConstituciony19912LEMB968166 aColombiay19919681671 aLemos Simmonds, Carlos, prol.968168 2ddccBK aGAN c60267d60267 00102ddc40708GENaMELEJANIbMELEJANIcGENd2026-01-20l0o342.9861 C718cttpLEJ01799r2026-01-20 13:46:58tEj.1w2026-01-20yBK